[Event "EU-ch U18 Girls 18th"]
[Site "Herceg Novi"]
[Date "2008.09.24"]
[Round "9"]
[White "Kalashyan, Varduhi"]
[Black "Hortensius, Lisa"]
[Result "1/2-1/2"]
[WhiteElo "2049"]
[BlackElo "2028"]
[PlyCount "63"]
[EventDate "2008.09.15"]
[EventType "swiss"]
[EventRounds "9"]
[EventCountry "MNE"]
[SourceTitle "CBM 126 Extra"]
[Source "ChessBase"]
[SourceDate "2008.11.05"]
[SourceVersion "1"]
[SourceVersionDate "2008.11.05"]
[SourceQuality "1"]

1. e4 e6 2. d4 d5 3. Nd2 Nc6 4. Ngf3 Nf6 5. e5 Nd7 6. c3 f6 7. exf6 Qxf6 8. Nb3 h6 9. Be3 Bd6 10. Bd3 0-0 11. Bc2 Nb6 12. Qd3 Qf5 13. Qe2 Qf6 14. 0-0-0 e5 15. dxe5 Nxe5 16. Nxe5 Qxe5 17. g4 Nc4 18. Qd3 Qe4 19. Qxe4 dxe4 20. Bd4 Bf4+ 21. Kb1 e3 22. Bd3 Nd2+ 23. Nxd2 exd2 24. h3 Be6 25. Be4 c6 26. b3 a6 27. Bb6 Rae8 28. Bc5 Rf6 29. Bd4 Rff8 30. Bc5 Rf6 31. Bd4 Rff8 32. Bc5 1/2-1/2

[Event "EU-ch U18 Girls 18th"]
[Site "Herceg Novi"]
[Date "2008.09.22"]
[Round "7"]
[White "Kalashyan, Varduhi"]
[Black "Guadamuro Torrente, Anabel"]
[Result "0-1"]
[WhiteElo "2049"]
[BlackElo "2105"]
[PlyCount "128"]
[EventDate "2008.09.15"]
[EventType "swiss"]
[EventRounds "9"]
[EventCountry "MNE"]
[SourceTitle "CBM 126 Extra"]
[Source "ChessBase"]
[SourceDate "2008.11.05"]
[SourceVersion "1"]
[SourceVersionDate "2008.11.05"]
[SourceQuality "1"]

1. e4 e5 2. Nf3 Nc6 3. Bb5 Nf6 4. Qe2 a6 5. Ba4 b5 6. Bb3 Bc5 7. c3 d6 8. 0-0 0-0 9. d3 h6 10. Be3 Ba7 11. Nbd2 Qe7 12. Rfe1 Bxe3 13. fxe3 Na5 14. d4 c5 15. Bc2 Bg4 16. a4 c4 17. Qf2 Nc6 18. Nh4 Rfe8 19. Qg3 Bd7 20. Rf1 Kh8 21. Nf5 Bxf5 22. Rxf5 Qd7 23. b3 cxb3 24. Bxb3 b4 25. Bc2 bxc3 26. Nc4 Qc7 27. Qh4 Ng8 28. Bd3 f6 29. Qf2 Nb4 30. Be2 c2 31. Rc1 exd4 32. exd4 Rxe4 33. Bf3 Nd3 34. Qxc2 Re1+ 35. Rxe1 Nxe1 36. Qe2 Nxf3+ 37. Rxf3 Rc8 38. Ne3 Re8 39. Qb2 Rb8 40. Qe2 Rb1+ 41. Rf1 Rxf1+ 42. Kxf1 Qa5 43. Qc4 Qd2 44. Nd5 f5 45. Nb4 Qd1+ 46. Kf2 Qxa4 47. Qc3 a5 48. Nd3 Qa2+ 49. Kg3 Kh7 50. h3 Nf6 51. Kh2 Nd5 52. Qe1 Nf6 53. Nf4 Ne4 54. Ne2 a4 55. Qa5 Qxe2 56. Qxf5+ Kg8 57. Qe6+ Kf8 58. Qc8+ Ke7 59. Qc7+ Kf6 60. Qd8+ Kg6 61. Qe8+ Kh7 62. Qe6 Ng3 63. Qxd6 Nf1+ 64. Kh1 Ne3 0-1

[Event "EU-ch U18 Girls 18th"]
[Site "Herceg Novi"]
[Date "2008.09.18"]
[Round "4"]
[White "Kalashyan, Varduhi"]
[Black "Lubbe, Melanie"]
[Result "1/2-1/2"]
[WhiteElo "2049"]
[BlackElo "2245"]
[PlyCount "145"]
[EventDate "2008.09.15"]
[EventType "swiss"]
[EventRounds "9"]
[EventCountry "MNE"]
[SourceTitle "CBM 126 Extra"]
[Source "ChessBase"]
[SourceDate "2008.11.05"]
[SourceVersion "1"]
[SourceVersionDate "2008.11.05"]
[SourceQuality "1"]

1. e4 c5 2. Nf3 Nc6 3. Nc3 d6 4. d4 cxd4 5. Nxd4 Nf6 6. Be2 e5 7. Nf3 h6 8. 0-0 Be7 9. Re1 0-0 10. h3 a6 11. a4 Be6 12. Bf1 Qa5 13. Qd2 Kh8 14. b3 Rac8 15. Bb2 Rc7 16. Rac1 Rfc8 17. Nb1 Qb6 18. Na3 Na5 19. Qe3 Qxe3 20. fxe3 Nxe4 21. Bd3 Ng5 22. Nd2 Nc6 23. e4 Nd4 24. Nac4 Rd8 25. Bxd4 exd4 26. h4 Nh7 27. Nf3 d5 28. Nce5 dxe4 29. Rxe4 Bxb3 30. Nc6 bxc6 31. cxb3 Bf6 32. Bxa6 Nf8 33. Bc4 c5 34. a5 Ra7 35. a6 Nd7 36. b4 cxb4 37. Nxd4 Rc8 38. Nb3 Rac7 39. Rd1 Nb6 40. Bb5 Bc3 41. Rd6 Rb8 42. Bc6 Kh7 43. Bb7 Na8 44. Na5 f5 45. Ree6 Rf8 46. Kf1 Rc5 47. Nb3 Rc4 48. h5 Rh4 49. Nc5 Rh1+ 50. Kf2 Nc7 51. Re7 Nb5 52. Ne6 Rg8 53. Rd5 Na7 54. Rxf5 Nc8 55. Rd7 Re8 56. Be4 Kg8 57. Bd5 Kh7 58. Nf8+ Kh8 59. Ng6+ Kh7 60. Nf8+ Kh8 61. Be6 Ra1 62. Ng6+ Kh7 63. Nf8+ Kh8 64. g4 Rxa6 65. Ng6+ Kh7 66. Bb3 Bf6 67. Bc4 Rc6 68. Bb3 Nd6 69. Rf4 Ne4+ 70. Rxe4 Rxe4 71. Nf8+ Kh8 72. Ng6+ Kh7 73. Nf8+ 1/2-1/2

[Event "Wch U20 Girls"]
[Site "Gaziantep"]
[Date "2008.08.15"]
[Round "13"]
[White "Nikolova, Adriana"]
[Black "Kalashyan, Varduhi"]
[Result "1-0"]
[WhiteElo "2242"]
[BlackElo "2049"]
[PlyCount "145"]
[EventDate "2008.08.03"]
[EventType "swiss"]
[EventRounds "13"]
[EventCountry "TUR"]
[SourceTitle "CBM 125 Extra"]
[Source "ChessBase"]
[SourceDate "2008.09.01"]
[SourceVersion "1"]
[SourceVersionDate "2008.09.01"]
[SourceQuality "1"]

1. e4 c5 2. Nf3 d6 3. d4 cxd4 4. Nxd4 Nf6 5. Nc3 a6 6. Bg5 e6 7. f4 Nbd7 8. Qf3 Qc7 9. 0-0-0 b5 10. a3 Bb7 11. Bxf6 Nxf6 12. g4 Be7 13. g5 Nd7 14. h4 g6 15. Rh2 0-0-0 16. Bh3 Kb8 17. Qe2 Nc5 18. Kb1 h6 19. Bg4 hxg5 20. fxg5 Rh7 21. Rf1 Rdh8 22. Rhf2 Bd8 23. Qe3 Qe7 24. Nf3 Bb6 25. Re2 Qc7 26. Qf4 Nd7 27. Qg3 Ne5 28. Nxe5 dxe5 29. Rh2 Bd4 30. Rf3 Qb6 31. Rd3 Ka8 32. Bf3 b4 33. axb4 Qxb4 34. Nd1 Ba7 35. Rb3 Qd4 36. Qe1 Qg1 37. Qb4 Rb8 38. Rd2 Qc5 39. Qa4 Qc6 40. Qa3 Rxh4 41. Qe7 Rf4 42. Rc3 Qe8 43. Qd6 Qb5 44. Be2 Qb6 45. Qe7 Bxe4 46. Rd6 Qb4 47. Rc4 Bxc2+ 48. Rxc2 Rd4 49. Rd7 Qxe7 50. Rxe7 Rf4 51. Bxa6 Ra4 52. Be2 Rb7 53. Bf3 e4 54. Rxb7 Kxb7 55. Nc3 Ra5 56. Nxe4 Ka6 57. Be2+ Kb6 58. Nd6 Rxg5 59. Nc8+ Kb7 60. Nxa7 Kxa7 61. Rc7+ Kb6 62. Rxf7 Kc5 63. Rd7 Rg2 64. Bf3 Rg3 65. Be4 g5 66. Ka2 Re3 67. Bb7 g4 68. b3 e5 69. Ka3 g3 70. Ka4 Re2 71. b4+ Kb6 72. Bd5 Rb2 73. Rb7+ 1-0

[Event "Wch U20 Girls"]
[Site "Gaziantep"]
[Date "2008.08.12"]
[Round "10"]
[White "Boyarchenko, Marie"]
[Black "Kalashyan, Varduhi"]
[Result "0-1"]
[WhiteElo "1895"]
[BlackElo "2049"]
[PlyCount "74"]
[EventDate "2008.08.03"]
[EventType "swiss"]
[EventRounds "13"]
[EventCountry "TUR"]
[SourceTitle "CBM 125 Extra"]
[Source "ChessBase"]
[SourceDate "2008.09.01"]
[SourceVersion "1"]
[SourceVersionDate "2008.09.01"]
[SourceQuality "1"]

1. e4 c5 2. Nf3 d6 3. d4 cxd4 4. Nxd4 Nf6 5. Nc3 a6 6. Be2 e6 7. 0-0 Be7 8. a4 0-0 9. f4 Qc7 10. Bf3 Nc6 11. Nb3 Rb8 12. Kh1 Re8 13. g4 b6 14. Bg2 Nd7 15. g5 Nc5 16. Qh5 Nxb3 17. cxb3 Nd4 18. Be3 Nc2 19. Rac1 Nxe3 20. Nd5 Qd8 21. Nxe3 g6 22. Qf3 Bf8 23. h4 Bb7 24. h5 Bg7 25. Rc2 f5 26. gxf6 Qxf6 27. Kg1 Rf8 28. Rcf2 Rbc8 29. Nc4 Rcd8 30. hxg6 Qxg6 31. Qe3 b5 32. axb5 axb5 33. Na5 Ba8 34. b4 d5 35. Kh2 dxe4 36. Re2 Qh5+ 37. Kg1 Bd4 0-1

[Event "Wch U20 Girls"]
[Site "Gaziantep"]
[Date "2008.08.06"]
[Round "5"]
[White "Kalashyan, Varduhi"]
[Black "Mamedjarova, Turkan"]
[Result "1/2-1/2"]
[WhiteElo "2049"]
[BlackElo "2284"]
[PlyCount "92"]
[EventDate "2008.08.03"]
[EventType "swiss"]
[EventRounds "13"]
[EventCountry "TUR"]
[SourceTitle "CBM 125 Extra"]
[Source "ChessBase"]
[SourceDate "2008.09.01"]
[SourceVersion "1"]
[SourceVersionDate "2008.09.01"]
[SourceQuality "1"]

1. e4 e5 2. Nf3 Nf6 3. Nxe5 d6 4. Nf3 Nxe4 5. Nc3 Nxc3 6. dxc3 Be7 7. Be3 0-0 8. Qd2 Nc6 9. 0-0-0 Be6 10. Kb1 Na5 11. Nd4 Qd7 12. Nxe6 Qxe6 13. Qd5 Qxd5 14. Rxd5 Nc6 15. g3 Ne5 16. Bg2 c6 17. Rdd1 d5 18. Rhe1 Bd6 19. Bf4 f6 20. b3 b5 21. g4 Rad8 22. h3 Rfe8 23. Be3 Re7 24. f4 Ng6 25. f5 Bg3 26. Rg1 Rxe3 27. fxg6 hxg6 28. Rd3 Rxd3 29. cxd3 Bh4 30. c4 bxc4 31. bxc4 f5 32. Rf1 Rb8+ 33. Kc2 Bf6 34. Rb1 Rxb1 35. Kxb1 dxc4 36. dxc4 c5 37. Kc2 Bd4 38. Bd5+ Kh7 39. Be6 f4 40. Kd3 f3 41. g5 Bf2 42. Ke4 Bh4 43. Kxf3 Bxg5 44. Ke4 Bd2 45. Kd5 Bb4 46. Kc6 Kh6 1/2-1/2

[Event "EU-ch U18 Girls 17th"]
[Site "Sibenik"]
[Date "2007.09.16"]
[Round "3"]
[White "Kalashyan, Varduhi"]
[Black "Misovic, Sanja"]
[Result "1-0"]
[WhiteElo "2059"]
[BlackElo "1872"]
[PlyCount "52"]
[EventDate "2007.09.14"]
[EventType "swiss"]
[EventRounds "9"]
[EventCountry "CRO"]
[SourceTitle "CBM 120 Extra"]
[Source "ChessBase"]
[SourceDate "2007.11.01"]
[SourceVersion "1"]
[SourceVersionDate "2007.11.01"]
[SourceQuality "1"]

1. d4 Nf6 2. c4 e6 3. Nf3 b6 4. g3 Ba6 5. b3 b5 6. Nbd2 Bb4 7. Qc2 bxc4 8. bxc4 c5 9. Bg2 Nc6 10. dxc5 Bxc5 11. 0-0 Qc7 12. Bb2 Be7 13. Rac1 0-0 14. Ng5 e5 15. Qf5 h6 16. Nge4 Rab8 17. Nxf6+ Bxf6 18. Be4 Rfe8 19. Qh7+ Kf8 20. Ba3+ d6 21. Bd5 Nd4 22. Rfe1 Ne6 23. c5 Nxc5 24. Ne4 Qa5 25. Nxf6 Ne6 26. Bxe6 fxe6 1-0

[Event "EU-ch U18 Girls 17th"]
[Site "Sibenik"]
[Date "2007.09.14"]
[Round "1"]
[White "Kalashyan, Varduhi"]
[Black "Nadvesnik, Maja"]
[Result "1/2-1/2"]
[WhiteElo "2059"]
[BlackElo "1791"]
[PlyCount "139"]
[EventDate "2007.09.14"]
[EventType "swiss"]
[EventRounds "9"]
[EventCountry "CRO"]
[SourceTitle "CBM 120 Extra"]
[Source "ChessBase"]
[SourceDate "2007.11.01"]
[SourceVersion "1"]
[SourceVersionDate "2007.11.01"]
[SourceQuality "1"]

1. e4 e5 2. Nf3 Nc6 3. Bb5 a6 4. Ba4 Nf6 5. 0-0 Be7 6. Re1 b5 7. Bb3 d6 8. c3 0-0 9. h3 Nb8 10. d4 Nbd7 11. Nbd2 Bb7 12. Bc2 Re8 13. Nf1 Bf8 14. Ng3 g6 15. a4 c5 16. dxe5 dxe5 17. Qe2 c4 18. Bg5 h6 19. Bxf6 Nxf6 20. b3 Qc7 21. Nd2 cxb3 22. Bxb3 Qxc3 23. Rec1 Qd4 24. Nf3 Qb6 25. Qa2 Kg7 26. Bxf7 Re7 27. a5 Qa7 28. Be6 Rae8 29. Bd5 Nxd5 30. exd5 Rd7 31. Qb2 Qb8 32. Re1 Rxd5 33. Rac1 Kh7 34. Ne4 Bg7 35. Qb3 Rc8 36. Rxc8 Qxc8 37. Qa3 Qd8 38. Qa2 Bc8 39. Nc3 Rc5 40. Ne4 Rc4 41. h4 Bf5 42. Ng3 e4 43. Nxf5 gxf5 44. Nd2 Ra4 45. Qf7 Qf6 46. Qxf6 Bxf6 47. Nb3 Ra3 48. Rb1 Bc3 49. Kf1 Bxa5 50. g4 fxg4 51. Nc5 Bb6 52. Nxe4 Ra4 53. Re1 Rc4 54. Nf6+ Kg7 55. Re6 Bd8 56. Nh5+ Kh7 57. Rxa6 Bxh4 58. Rb6 Rc5 59. Nf4 Rf5 60. Rb7+ Kg8 61. Ng6 Bg5 62. Kg2 h5 63. Kg3 Rf3+ 64. Kg2 h4 65. Rxb5 h3+ 66. Kg1 Bf6 67. Rb4 g3 68. fxg3 Rxg3+ 69. Kh2 Rxg6 70. Kxh3 1/2-1/2

[Event "Wch U20 Girls 24th"]
[Site "Yerevan"]
[Date "2006.10.06"]
[Round "4"]
[White "Savurko, Alexandra"]
[Black "Kalashyan, Varduhi"]
[Result "0-1"]
[WhiteElo "2168"]
[BlackElo "2026"]
[PlyCount "92"]
[EventDate "2006.10.03"]
[EventType "swiss"]
[EventRounds "13"]
[EventCountry "ARM"]
[SourceTitle "CBM 114 Extra"]
[Source "ChessBase"]
[SourceDate "2006.11.03"]
[SourceVersion "1"]
[SourceVersionDate "2006.11.03"]
[SourceQuality "1"]

1. d4 Nf6 2. c4 e6 3. Nf3 b6 4. g3 Ba6 5. b3 Bb4+ 6. Bd2 Be7 7. Bg2 c6 8. Bc3 d5 9. Ne5 Nfd7 10. Nxd7 Nxd7 11. Nd2 0-0 12. 0-0 Rc8 13. e4 b5 14. exd5 cxd5 15. c5 b4 16. Bxb4 Bxf1 17. Qxf1 e5 18. Rc1 exd4 19. Qb5 Ne5 20. Ba5 Qe8 21. Qxe8 Rfxe8 22. b4 Bd8 23. Bxd8 Rexd8 24. Bf1 a5 25. b5 Nc4 26. Bxc4 Rxc5 27. Nb3 Rxc4 28. Rd1 Rdc8 29. Kg2 Rb4 30. Nxd4 Rcc4 31. Nf5 g6 32. Nd6 Rd4 33. Rc1 Rd2 34. Rc8+ Kg7 35. Rc7 Kf6 36. Rc6 Ke7 37. Nc8+ Kf8 38. b6 Rdb2 39. a3 Rc4 40. Rxc4 dxc4 41. Kf3 c3 42. Ke3 Ke8 43. Nd6+ Kd7 44. Nc4 Kc6 45. Nxa5+ Kb5 46. Nb7 Rd2 0-1

[Event "Wch U20 Girls 24th"]
[Site "Yerevan"]
[Date "2006.10.04"]
[Round "2"]
[White "Kalashyan, Varduhi"]
[Black "Perez Rodriguez, Jennifer"]
[Result "0-1"]
[WhiteElo "2026"]
[BlackElo "2250"]
[PlyCount "74"]
[EventDate "2006.10.03"]
[EventType "swiss"]
[EventRounds "13"]
[EventCountry "ARM"]
[SourceTitle "CBM 114 Extra"]
[Source "ChessBase"]
[SourceDate "2006.11.03"]
[SourceVersion "1"]
[SourceVersionDate "2006.11.03"]
[SourceQuality "1"]

1. e4 e5 2. Nf3 Nc6 3. Bb5 f5 4. d3 fxe4 5. dxe4 Nf6 6. Bg5 d6 7. Nc3 Be7 8. Bxf6 Bxf6 9. Qd5 Bd7 10. 0-0-0 Qe7 11. Qc4 a6 12. Bxc6 bxc6 13. h4 Qe6 14. Nd2 a5 15. Kb1 0-0 16. Rdg1 Be7 17. f3 Rab8 18. Qxe6+ Bxe6 19. Nb3 Ra8 20. Rd1 a4 21. Nc1 Ra5 22. Nd3 Rb8 23. g4 Rb6 24. g5 d5 25. exd5 cxd5 26. Rhe1 d4 27. Ne4 Ba3 28. Ka1 Bf8 29. f4 Bg4 30. Rc1 exf4 31. Nxf4 Rab5 32. Nd3 c5 33. c4 Ra5 34. Nef2 Bf5 35. Re5 Bg6 36. b4 axb3 37. Re2 Rba6 0-1

[Event "Yerevan Petrosian Memorial op"]
[Site "Yerevan"]
[Date "2004.11.20"]
[Round "2"]
[White "Kalashyan, Varduhi"]
[Black "Arutinian, David"]
[Result "0-1"]
[WhiteElo "2036"]
[BlackElo "2451"]
[PlyCount "102"]
[EventDate "2004.11.18"]
[EventType "swiss"]
[EventRounds "9"]
[EventCountry "ARM"]
[SourceTitle "CBM 103 Extra"]
[Source "ChessBase"]
[SourceDate "2005.01.01"]
[SourceVersion "1"]
[SourceVersionDate "2005.01.01"]
[SourceQuality "1"]

1. e4 c5 2. Nf3 Nc6 3. d4 cxd4 4. Nxd4 Nf6 5. Nc3 d6 6. Be2 e5 7. Nf3 h6 8. 0-0 Be7 9. Re1 0-0 10. Bf1 Bg4 11. Be3 Rc8 12. Be2 Be6 13. Qc1 d5 14. exd5 Nxd5 15. Nxd5 Qxd5 16. Rd1 Qa5 17. c3 Qc7 18. b3 f5 19. Qc2 Kh8 20. c4 b6 21. Bc1 e4 22. Ne1 Bd6 23. h3 Be5 24. Bb2 f4 25. Bxe5 Qxe5 26. Bg4 Bxg4 27. hxg4 Nd4 28. Qd2 Rcd8 29. Kh1 Qg5 30. Qb2 Qh4+ 31. Kg1 Qf6 32. Kh1 f3 33. g3 e3 34. Rac1 Ne2 35. Qxf6 gxf6 36. Ra1 exf2 37. Nxf3 Rxd1+ 38. Rxd1 f1Q+ 39. Rxf1 Nxg3+ 40. Kg2 Nxf1 41. Kxf1 Rg8 42. Nh2 Kh7 43. Ke2 h5 44. Kf3 hxg4+ 45. Nxg4 Kg6 46. Kf4 Rh8 47. b4 Rh4 48. Kg3 Rh1 49. Ne3 Ra1 50. c5 bxc5 51. bxc5 Rc1 0-1